| 000 | 00625nam a2200181 a 4500 | ||
|---|---|---|---|
| 001 | 531 | ||
| 003 | CDMR | ||
| 005 | 20130327135000.0 | ||
| 008 | 130130s1991||||||||||||||||||||||||||||d | ||
| 020 | _a8486094798 | ||
| 040 |
_aCDMR _bcat _cCDMR |
||
| 245 | 0 | 0 |
_aComunicación social 1991 _b: tendencias : concentración, transnacionalización y estrategias multimedia _c[dirección de este informe : Obdulio Martín Bernal, editor ; Bernardo Díaz Nosty, director] |
| 260 |
_aMadrid _c1991 _bFundesco |
||
| 490 | 0 | _aInformes anuales de Fundesco | |
| 700 | 1 |
_91251 _aDíaz Nosty, Bernardo |
|
| 710 | 2 |
_9385 _aFUNDESCO |
|
| 942 |
_cMON _2udc |
||
| 999 |
_c531 _d531 |
||